Технология получения железосодержащих композитов на сиалоновой матрице методом СВС и их каталитические свойства: диссертация на соискание ученой степени кандидата технических наук; спец. 05.17.11

Detalles Bibliográficos
Autor Principal: Болгару К. А. Константин Александрович
Corporate Authors: Национальный исследовательский Томский политехнический университет (ТПУ), Российская академия наук (РАН) Сибирское отделение (СО) Томский научный центр (ТНЦ)
Outros autores: Чухломина Л. Н. Людмила Николаевна (научный руководитель)
Summary:Защищена 8.12.2015 г.
Idioma:ruso
Publicado: Томск, 2015
Subjects:
Formato: Libro
KOHA link:https://koha.lib.tpu.ru/cgi-bin/koha/opac-detail.pl?biblionumber=311572

MARC

LEADER 00000nbm0a2200000 4500
001 311572
005 20231102002411.0
035 |a (RuTPU)RU\TPU\book\336929 
035 |a RU\TPU\book\336927 
090 |a 311572 
100 |a 20151209j20151208k y0rusy50 ca 
101 0 |a rus 
102 |a RU 
105 |a a m 001zy 
200 1 |a Технология получения железосодержащих композитов на сиалоновой матрице методом СВС и их каталитические свойства  |e диссертация на соискание ученой степени кандидата технических наук  |e спец. 05.17.11  |f К. А. Болгару  |g Национальный исследовательский Томский политехнический университет (ТПУ) ; Российская академия наук (РАН), Сибирское отделение (СО), Томский научный центр (ТНЦ) ; науч. рук. Л. Н. Чухломина 
210 |a Томск  |d 2015 
215 |a 149 л.  |c ил. 
300 |a Защищена 8.12.2015 г. 
320 |a Библиогр.: с. 137-147 (100 назв.). 
452 1 |0 (RuTPU)RU\TPU\book\343806  |t Технология получения железосодержащих композитов на сиалоновой матрице методом СВС и их каталитические свойства  |o диссертация на соискание ученой степени кандидата технических наук  |o спец. 05.17.11  |f К. А. Болгару  |g Национальный исследовательский Томский политехнический университет (ТПУ) ; науч. рук. Л. Н. Чухломина  |c Томск  |n Б. и.  |d 2015  |a Болгару, Константин Александрович 
606 1 |a Ферросплавы  |x Силикотерапия  |2 stltpush  |3 (RuTPU)RU\TPU\subj\63669  |9 80657 
606 1 |a Синтез высокотемпературный, самораспространяющийся  |2 stltpush  |3 (RuTPU)RU\TPU\subj\39673  |9 59640 
610 1 |a сиалон 
610 1 |a сиалоновая керамика 
610 1 |a свойства 
610 1 |a применение 
610 1 |a железосодержащие композиции 
610 1 |a ферросиликоалюминий 
610 1 |a горение 
610 1 |a продукты горения 
610 1 |a фазовый состав 
610 1 |a структурообразование 
610 1 |a железосодержащие композиты 
610 1 |a получение 
610 1 |a СВС 
610 1 |a самораспространяющийся высокотемпературный синтез 
610 1 |a каталитическая активность 
610 1 |a диссертации 
675 |a 669.168(04)  |v 3 
675 |a 66.091(04)  |v 3 
686 |a 05.17.11  |2 oksvnk 
700 1 |a Болгару  |b К. А.  |g Константин Александрович 
702 1 |a Чухломина  |b Л. Н.  |g Людмила Николаевна  |4 727 
712 0 2 |a Национальный исследовательский Томский политехнический университет (ТПУ)  |c (2009- )  |2 stltpush  |3 (RuTPU)RU\TPU\col\15902 
712 0 2 |a Российская академия наук (РАН)  |b Сибирское отделение (СО)  |b Томский научный центр (ТНЦ)  |2 stltpush  |3 (RuTPU)RU\TPU\col\1904 
801 1 |a RU  |b 63413507  |c 20151209 
801 2 |a RU  |b 63413507  |c 20160425  |g RCR 
942 |c BK